Central Library OPAC University of Rajshahi

Japanese character and culture : (Record no. 23437)

MARC details
000 -LEADER
fixed length control field 00733nam a22002411 4500
001 - CONTROL NUMBER
control field 23437
003 - CONTROL NUMBER IDENTIFIER
rucl marc code BD-RjUL
005 - DATE AND TIME OF LATEST TRANSACTION
control field 20211209000929.0
008 - FIXED-LENGTH DATA ELEMENTS--GENERAL INFORMATION
fixed length control field 140310s1962 azu 000 0 eng
035 ## - SYSTEM CONTROL NUMBER
System control number (BD-RjUL)23502
System control number (OCoLC)413265
040 ## - CATALOGING SOURCE
Original cataloging agency DLC
Transcribing agency ODaWU
Modifying agency OCoLC
-- NBiSU
-- DLC
-- BD-RjUL
Language of cataloging eng
041 ## - LANGUAGE CODE
Language code of text/sound track or separate title eng
082 ## - DEWEY DECIMAL CLASSIFICATION NUMBER
Classification number 915.2
Author mark and year JAP 1962
245 10 - TITLE STATEMENT
Title Japanese character and culture :
Remainder of title a book of selected readings /
Statement of responsibility, etc. Bernard S Silberman.
260 ## - PUBLICATION, DISTRIBUTION, ETC. (IMPRINT)
Place of publication, distribution, etc. Tucson :
Name of publisher, distributor, etc. University of Arizona Press,
Date of publication, distribution, etc. c1962.
300 ## - PHYSICAL DESCRIPTION
Pagination viii, 421 p. ;
Size 24 cm.
650 #0 - SUBJECT ADDED ENTRY--TOPICAL TERM
Topical term or geographic name as entry element National characteristics, Japanese.
9 (RLIN) 72192
700 1# - ADDED ENTRY--PERSONAL NAME
Personal name Silberman, Bernard S.,
942 ## - ADDED ENTRY ELEMENTS (KOHA)
Source of classification or shelving scheme Dewey Decimal Classification
Koha item type Books
Holdings
Lost status Source of classification or shelving scheme Damaged status Not for loan Collection code Permanent Location Current Location Shelving location Date acquired Source of acquisition Cost, normal purchase price Total Checkouts Full call number Date last seen Copy number Koha item type
  Dewey Decimal Classification     Non-fiction Central Library, University of Rajshahi Central Library, University of Rajshahi   05/06/1965 Orienta. 7.50   915.2 JAP 1962 10/03/2014 C-2 Books